00429nam a2200157Ia 4500008004100000040001900041041001200060082002700072100002100099245003400120260003400154300001900188650002000207651002300227850002100250131103s9999 xx 000 0 und d aLoreto College aEnglish a823.91/CHRbLCBED/1899 aChristie, Agatha aDumb witnesscAgatha Christie aLondonbWillams collinsc1969 a218p. c 18cm. aEnglish fiction aEnglish literature aLCBED/823.91/CHR